00614 2200229 4500001002100000005001500021035002000036007000300056008004100059020001800100082001100118084001700129100001700146245007300163250001100236260004500247300003200292650001800324700001800342990001200360990001200372INLIS00000000000175520180315032518 a0010-0318000098ta180315 g 1 ind  a9786020321691 a808.83 a808.83 BLY l0 aBLYTON, Enid1 aLima Sekawan: Rawa Rahasia /cEnid Blyton; alih bahasa, Agus Setiadi acet.19 aJakarta :bGramedia Pustaka Utama,c2016 a243 hlm. :bilus. ;c18 cm. aCERITA PENDEK0 aAGUS, Setiadi a16846 a a16846 b